| 000 | 01287nam a22002657a 4500 | ||
|---|---|---|---|
| 001 | 64173 | ||
| 003 | UA-OsUOA | ||
| 005 | 20220523104636.0 | ||
| 007 | ta | ||
| 008 | 20091102b un ||||| |||| 00| 0 ukr d | ||
| 040 |
_aUA-OsUOA _brus _cUA-OsUOA _dUA-OsUOA |
||
| 041 | _arus | ||
| 080 | _a94(100):34 | ||
| 090 |
_a94(100):34 _bН97 |
||
| 245 |
_aНюрнбергский процесс _bсборник материалов |
||
| 260 |
_aМ. _c1958 |
||
| 300 | _a816 с. | ||
| 505 |
_gТ. 3 _tВоенные преступления и преступления против человечности |
||
| 520 | 3 | _aПредставление доказательств по делу преступних организаций.Выступление доказательств по делу преступных организациях и возражения защиты.Речи адвокатов в защиту преступных организаций.Заключительные речи обвинителей по делу преступных организаци | |
| 520 | 3 | _aй | |
| 650 | 7 |
_a9 Географія. Біографії. Історія _2UDC |
|
| 942 |
_cBK _2udc |
||
| 955 | _a2 | ||
| 999 |
_c350193 _d350193 |
||